अदम्य चैतन्याची महारानी पुण्यश्लोक अहिल्यादेवी होळकर (Record no. 370230)

MARC details
000 -LEADER
fixed length control field 00561 a2200145 4500
003 - CONTROL NUMBER IDENTIFIER
control field OSt
005 - DATE AND TIME OF LATEST TRANSACTION
control field 20260211122915.0
008 - FIXED-LENGTH DATA ELEMENTS--GENERAL INFORMATION
fixed length control field 260211b |||||||| |||| 00| 0 eng d
020 ## - INTERNATIONAL STANDARD BOOK NUMBER
International Standard Book Number 9789348889447
100 ## - MAIN ENTRY--PERSONAL NAME
Personal name मुळ्ये चि.
9 (RLIN) 216529
245 ## - TITLE STATEMENT
Title अदम्य चैतन्याची महारानी पुण्यश्लोक अहिल्यादेवी होळकर
260 ## - PUBLICATION, DISTRIBUTION, ETC. (IMPRINT)
Name of publisher, distributor, etc. भारतीय विचार साधना प्रकाशन
Date of publication, distribution, etc. 2025
Place of publication, distribution, etc. पुणे
300 ## - PHYSICAL DESCRIPTION
Extent 136pp
942 ## - ADDED ENTRY ELEMENTS (KOHA)
Koha item type Books
Source of classification or shelving scheme Dewey Decimal Classification
Holdings
Withdrawn status Lost status Source of classification or shelving scheme Damaged status Not for loan Collection code Home library Current library Date acquired Vendor Cost, normal purchase price Total Checkouts Barcode Date last seen Date last checked out Cost, replacement price Bill Date Koha item type Original Barcode
    Dewey Decimal Classification     MCA MKSSS s K.B. Joshi Institute of Information Technology Library MKSSS s K.B. Joshi Institute of Information Technology Library 03/02/2026 188 175.00 2 KBJP-BK-3004 25/03/2026 25/03/2026 250.00 03/02/2026 Books 3004